000 00872nab a2200253 u 4500
001 12911
003 HDC
007 cr bn ---aaaaa
008 210211c my dr|nes 0 may d
040 _aHDC
100 _aMohd. Azraie Md. Yusof,
_eauthor
_913751
245 0 _aeHalal.com mampu jana RM300 juta pada tahun pertama /
_cby Mohd. Azraie Md. Yusof
260 _a[no place] :
_b[publisher not identified],
_c[no year]
336 _atext
_2rdacontent
337 _acomputer
_2rdamedia
338 _aonline resource
_2rdacarrier
650 _aHalal industry
_9144
650 _aHalal platform
_913752
710 _aUtusan Online
856 _zRequest full-text at [email protected]
942 _2lcc
942 _cNEWS
942 _kNWSO 002744
999 _c10227
_d10227